00550nam a22001577a 4500003000400000005001700004008004100021020001900062040002900081050002200110100004700132245009200179260005800271300002600329650003700355OSt20230726102402.0230726b |||||||| |||| 00| 0 eng d a077992 17620 X cChuka University library aHF 3900bJ38 1996 aJauch, Herbert. Dot, Keet. Leon, Pretorius aExport processing zones in Southern Africa: Economic, social and political implications aCape TownbInstitute of development and labour c1996 a65 pagesbIllustrated aExportsxExport processing zones